[Event "Belgrade-chT Quality"]
[Site "Belgrade"]
[Date "2022.10.09"]
[Round "8.5"]
[White "Pejovic, Velibor"]
[Black "Djerfi, Karolj"]
[Result "1/2-1/2"]
[WhiteElo "1885"]
[BlackElo "2177"]
[PlyCount "38"]
[EventDate "2022.10.01"]
[EventType "team-tourn"]
[EventRounds "11"]
[EventCountry "SRB"]
[SourceTitle "EXT 2024"]
[Source "ChessBase"]
[SourceDate "2023.10.10"]
[SourceVersion "1"]
[SourceVersionDate "2023.10.10"]
[SourceQuality "1"]
[WhiteTeam "Belgrade Banjica"]
[BlackTeam "Belgrade Mladenovac"]
[WhiteTeamCountry "SRB"]
[BlackTeamCountry "SRB"]

1. Nf3 d5 2. c4 c6 3. b3 Bg4 4. Bb2 e6 5. e3 Nf6 6. Be2 Nbd7 7. 0-0 Be7 8. Nd4 Bxe2 9. Qxe2 c5 10. Nf3 0-0 11. Nc3 Rc8 12. Rac1 Qa5 13. h3 Rfd8 14. Rfd1 Nb8 15. d3 Nc6 16. cxd5 Nxd5 17. d4 cxd4 18. Nxd5 Rxd5 19. Nxd4 Qxa2 1/2-1/2

[Event "Belgrade-chT Quality"]
[Site "Belgrade"]
[Date "2019.10.27"]
[Round "8.6"]
[White "Gemovic, Marko"]
[Black "Pejovic, Velibor"]
[Result "1-0"]
[WhiteElo "1705"]
[BlackElo "1963"]
[PlyCount "121"]
[EventDate "2019.10.05"]
[EventType "team-tourn"]
[EventRounds "11"]
[EventCountry "SRB"]
[SourceTitle "EXT 2022"]
[Source "ChessBase"]
[SourceDate "2021.10.06"]
[SourceVersion "1"]
[SourceVersionDate "2021.10.06"]
[SourceQuality "1"]
[WhiteTeam "Borca"]
[BlackTeam "Banjica"]
[WhiteTeamCountry "SRB"]
[BlackTeamCountry "SRB"]

1. e4 e5 2. Nf3 d6 3. d4 Nf6 4. Bd3 Nbd7 5. 0-0 Be7 6. Nbd2 c6 7. c3 Qc7 8. Re1 0-0 9. Nf1 Re8 10. Qb3 Qb6 11. Bc4 Qxb3 12. Bxb3 h6 13. Ng3 Bf8 14. Nh4 Nb6 15. Ng6 Be6 16. Bxe6 Rxe6 17. Nxf8 Rxf8 18. dxe5 dxe5 19. b3 Rd8 20. Ba3 g6 21. Rad1 Rd7 22. f3 Re8 23. Rxd7 Nfxd7 24. Rd1 f6 25. Kf2 Kf7 26. h4 h5 27. c4 Nf8 28. Bxf8 Rxf8 29. c5 Nc8 30. Rd7+ Ke6 31. Rxb7 Rf7 32. Rb8 Ne7 33. a4 f5 34. a5 fxe4 35. Nxe4 Rg7 36. Rb7 Kd5 37. Rxa7 Ke6 38. a6 Rg8 39. Nd6 Nd5 40. Rb7 Ra8 41. a7 Nf4 42. b4 Nd3+ 43. Ke3 Nxb4 44. Rxb4 Rxa7 45. Rb7 Ra3+ 46. Kf2 Ra8 47. Rg7 Kf6 48. Rc7 Ra6 49. Nc4 Ke6 50. Nb6 Ra2+ 51. Kg3 g5 52. Rxc6+ Kf5 53. hxg5 Kxg5 54. Nd7 h4+ 55. Kh3 e4 56. fxe4 Kf4 57. e5 Kg5 58. e6 Ra3+ 59. Kh2 Kg6 60. e7+ Kf7 61. Re6 1-0

[Event "Belgrade-chT Quality"]
[Site "Belgrade"]
[Date "2019.10.26"]
[Round "7.6"]
[White "Pejovic, Velibor"]
[Black "Brkic, Zoran"]
[Result "0-1"]
[WhiteElo "1963"]
[BlackElo "2111"]
[PlyCount "65"]
[EventDate "2019.10.05"]
[EventType "team-tourn"]
[EventRounds "11"]
[EventCountry "SRB"]
[SourceTitle "EXT 2022"]
[Source "ChessBase"]
[SourceDate "2021.10.06"]
[SourceVersion "1"]
[SourceVersionDate "2021.10.06"]
[SourceQuality "1"]
[WhiteTeam "Banjica"]
[BlackTeam "Bogoslov"]
[WhiteTeamCountry "SRB"]
[BlackTeamCountry "SRB"]

1. Nf3 Nf6 2. b3 c5 3. Bb2 d6 4. e3 g6 5. d4 Bg7 6. d5 0-0 7. Be2 e5 8. dxe6 Bxe6 9. c4 d5 10. cxd5 Nxd5 11. Bxg7 Kxg7 12. e4 Nf4 13. Qxd8 Rxd8 14. g3 Nxe2 15. Kxe2 c4 16. Nfd2 cxb3 17. axb3 Nc6 18. Ke3 Nd4 19. Ra4 Nc2+ 20. Ke2 b5 21. Ra5 a6 22. Nc3 Rac8 23. Na2 Nd4+ 24. Ke3 Nxb3 25. Nxb3 Bxb3 26. Rxa6 Rc2 27. Nb4 Rc3+ 28. Kf4 Rd2 29. Nc6 Rd6 30. Nb8 Rdd3 31. Ra7 Be6 32. Rf1 Rd6 33. g4 0-1

[Event "Belgrade-chT Quality"]
[Site "Belgrade"]
[Date "2019.10.13"]
[Round "4.6"]
[White "Jovovic, Cedomir"]
[Black "Pejovic, Velibor"]
[Result "1/2-1/2"]
[WhiteElo "1908"]
[BlackElo "1963"]
[PlyCount "76"]
[EventDate "2019.10.05"]
[EventType "team-tourn"]
[EventRounds "11"]
[EventCountry "SRB"]
[SourceTitle "EXT 2022"]
[Source "ChessBase"]
[SourceDate "2021.10.06"]
[SourceVersion "1"]
[SourceVersionDate "2021.10.06"]
[SourceQuality "1"]
[WhiteTeam "NBSK"]
[BlackTeam "Banjica"]
[WhiteTeamCountry "SRB"]
[BlackTeamCountry "SRB"]

1. e4 e5 2. Nf3 d6 3. Nc3 Nf6 4. d4 Nbd7 5. Bg5 Be7 6. Bc4 c6 7. a4 b6 8. 0-0 0-0 9. Re1 Qc7 10. h3 Bb7 11. Qe2 a6 12. Rad1 b5 13. Bb3 Rad8 14. axb5 axb5 15. d5 b4 16. dxc6 bxc3 17. cxb7 cxb2 18. Rb1 Qxb7 19. Rxb2 Qc7 20. Ra2 Ra8 21. Rea1 Rxa2 22. Rxa2 h6 23. Be3 Qc6 24. Ra7 Ra8 25. Ba4 Qc8 26. Bxd7 Nxd7 27. Rxa8 Qxa8 28. Qd3 Qc6 29. Nd2 Nf8 30. Qc4 Qxc4 31. Nxc4 Ne6 32. g3 g5 33. Kf1 h5 34. g4 hxg4 35. hxg4 Kf8 36. Nb6 Ke8 37. Nd5 Bd8 38. Ke2 Kd7 1/2-1/2

[Event "Belgrade-chT Quality"]
[Site "Belgrade"]
[Date "2019.10.12"]
[Round "3.7"]
[White "Vukovojac, Marko"]
[Black "Pejovic, Velibor"]
[Result "1/2-1/2"]
[WhiteElo "1949"]
[BlackElo "1963"]
[PlyCount "81"]
[EventDate "2019.10.05"]
[EventType "team-tourn"]
[EventRounds "11"]
[EventCountry "SRB"]
[SourceTitle "EXT 2022"]
[Source "ChessBase"]
[SourceDate "2021.10.06"]
[SourceVersion "1"]
[SourceVersionDate "2021.10.06"]
[SourceQuality "1"]
[WhiteTeam "Polet"]
[BlackTeam "Banjica"]
[WhiteTeamCountry "SRB"]
[BlackTeamCountry "SRB"]

1. d4 Nf6 2. c4 e6 3. Nc3 d5 4. Bg5 Nbd7 5. e3 Be7 6. cxd5 exd5 7. Bd3 h6 8. Bh4 0-0 9. Nge2 a6 10. 0-0 c6 11. f3 Re8 12. e4 dxe4 13. fxe4 Nf8 14. Qb3 b5 15. Qc2 Ng4 16. Bxe7 Qxe7 17. Qd2 Nf6 18. Ng3 Rd8 19. e5 N6h7 20. Nf5 Bxf5 21. Bxf5 Qxe5 22. dxe5 Rxd2 23. b3 g6 24. Be4 Rc8 25. h4 Ne6 26. Rfd1 Rxd1+ 27. Rxd1 Nc5 28. Bf3 b4 29. Ne2 a5 30. Nd4 a4 31. Nxc6 Rc7 32. bxa4 Nxa4 33. Nxb4 Kf8 34. Kf1 Rc4 35. Rd8+ Kg7 36. Rb8 Nc3 37. Rb7 Nf8 38. a3 Rxh4 39. Nd5 Ne4 40. Kg1 Ne6 41. Rb4 1/2-1/2

[Event "Belgrade-chT Quality"]
[Site "Belgrade"]
[Date "2019.10.06"]
[Round "2.5"]
[White "Pejovic, Velibor"]
[Black "Canak, Milos"]
[Result "1-0"]
[WhiteElo "1963"]
[BlackElo "1954"]
[PlyCount "94"]
[EventDate "2019.10.05"]
[EventType "team-tourn"]
[EventRounds "11"]
[EventCountry "SRB"]
[SourceTitle "EXT 2022"]
[Source "ChessBase"]
[SourceDate "2021.10.06"]
[SourceVersion "1"]
[SourceVersionDate "2021.10.06"]
[SourceQuality "1"]
[WhiteTeam "Banjica"]
[BlackTeam "BASK"]
[WhiteTeamCountry "SRB"]
[BlackTeamCountry "SRB"]

1. d4 d5 2. Nd2 Nf6 3. e3 Bf5 4. Bd3 Bg6 5. Ngf3 e6 6. Ne5 Bxd3 7. cxd3 Nbd7 8. Qb3 Rb8 9. Ndf3 Be7 10. 0-0 0-0 11. Bd2 c6 12. Rac1 Nxe5 13. Nxe5 Nd7 14. f4 f6 15. Nf3 Qb6 16. Qc3 Rfc8 17. b4 a6 18. Qb3 Bd6 19. Kh1 Kh8 20. e4 f5 21. Ng5 Bf8 22. Nxe6 fxe4 23. dxe4 Nf6 24. e5 Ne4 25. Be1 Qb5 26. Qf3 Re8 27. f5 Qa4 28. a3 a5 29. Nc5 Bxc5 30. bxc5 Qxd4 31. e6 a4 32. Qf4 Qb2 33. Bh4 Qd4 34. Rfd1 Qb2 35. Rb1 Qc3 36. Rdc1 Qd2 37. Qe5 Qh6 38. Be1 Qe3 39. Qc7 Nf2+ 40. Bxf2 Qxf2 41. Rxb7 Rxb7 42. Qxb7 Qxf5 43. Qxc6 Qxe6 44. Qxe6 Rxe6 45. c6 Re8 46. Kg1 Kg8 47. Kf2 Kf7 1-0